Maková pole /
Na odlehlém místě v poušti na jihu Kalifornie se nachází klinika specializovaná na jediný druh terapie – léčivý spánek určený těm, kteří zrovna truchlí pro své blízké. Tato klinika se nazývá Maková pole.Není snad nikdo, komu by se bolestné ztráty v životě vyhnuly, kdo by nepoznal, jaké je to přijít...
Uloženo v:
| Hlavní autor: | |
|---|---|
| Médium: | E-kniha |
| Jazyk: | Czech |
| Vydáno: |
Praha :
Knihy Dobrovský,
2026
|
| Tagy: |
Žádné tagy |
| LEADER | 02285nam a22002297i 4500 | ||
|---|---|---|---|
| 001 | 301505 | ||
| 007 | ta | ||
| 008 | 260430s2026 xr ||||| |||| 00| 0 cze d | ||
| 020 | |a 9788027760640 | ||
| 044 | |a xr | ||
| 100 | 1 | |a Erlick, Nikki |4 aut | |
| 245 | 1 | 0 | |a Maková pole / |c Erlick, Nikki |
| 264 | 1 | |a Praha : |b Knihy Dobrovský, |c 2026 | |
| 300 | |a 1 online zdroj (344 stran) | ||
| 336 | |a text |b txt |2 rdacontent | ||
| 337 | |a bez média |b n |2 rdamedia | ||
| 338 | |a online zdroj |b cr |2 rdacarrier | ||
| 520 | 2 | |a Na odlehlém místě v poušti na jihu Kalifornie se nachází klinika specializovaná na jediný druh terapie – léčivý spánek určený těm, kteří zrovna truchlí pro své blízké. Tato klinika se nazývá Maková pole.Není snad nikdo, komu by se bolestné ztráty v životě vyhnuly, kdo by nepoznal, jaké je to přijít o milovaného člověka, jaké je být zdrcený žalem, truchlit s pocitem, že všechno ztratilo smysl, že mu došly síly, že už nemůže dál. Ale protože věda neotálí a výzkum se nezadržitelně řítí kupředu, voilà, máme tu pro vás řešení! Stačí si podat žádost a budete-li schváleni jako vhodní adepti, můžete si obléknout červené pyžamo a ulehnout na lůžko v Makových polích, kde prospíte jeden až dva měsíce, a až se probudíte, budete mít akutní fázi truchlení za sebou. Bude vám lehčeji a život půjde dál. Tedy pokud nebudete zrovna patřit k těm smolařům, které postihl vedlejší účinek.Kniha klade mnoho otázek, například zda je takový „lék“ na žal způsobený ztrátou vůbec žádoucí, jestli je řešení jednoduše se z nejhoršího vyspat a jít dál, a to někdy i za cenu vymazání citů k zesnulému. Protože i když nikdo z nás nechce takovou bolest prožívat, co když má v našem životě své nenahraditelné místo? | |
| 910 | |a RBIT002 | ||
| 998 | |d 426522 |a https://core.palmknihy.cz/api/books/426522/cover?te8p76 |b https://core.palmknihy.cz/api/books/426522/cover/400?te8p76 |c https://core.palmknihy.cz/api/books/426522/cover/50?te8p76 |e |g 344 |i 9788027760640 |j https://core.palmknihy.cz/api/books/426522/preview.epub |k https://core.palmknihy.cz/api/books/426522/preview.pdf |l |q 49 |r 1 |s https://www.palmknihy.cz/kniha/426522 |t ebook |y 2026 |z 1 | ||
| 999 | |d 301503 | ||